Régimen fiscal de la comisión mercantil /

Wedi'i Gadw mewn:
Manylion Llyfryddiaeth
Prif Awdur: Luna Guerra, Antonio (autor)
Fformat: Llyfr
Iaith:Sbaeneg
Cyhoeddwyd: México : ISEF, 2005, c2005
Pynciau:
Tagiau: Ychwanegu Tag
Dim Tagiau, Byddwch y cyntaf i dagio'r cofnod hwn!

MARC

LEADER 00000nam^a2200000^a^4500
001 000182352
005 20250521000000.0
009 20260310102003.975
020 |a 970-676-727-4 
037 |a Acervo ITESO - Biblioteca 
041 |a ESP 
082 |a 343. 720552  |b LUN 2005 
100 |a Luna Guerra, Antonio  |e (autor) 
245 1 0 |a Régimen fiscal de la comisión mercantil /  |c A. Luna Guerra. 
264 4 |a México :  |b ISEF,  |c 2005, c2005 
300 |a 78 p. 
336 |a texto  |b txt  |2 rdacontenido 
337 |a sin mediación  |b n  |2 rdamedio 
338 |a volumen  |b nc  |2 rdasoporte 
649 |a XX 
650 |a Comisión (Ventas) 
650 |a Impuestos -  |z México 
650 |a Contabilidad Fiscal -  |z México 
650 |a Derecho Fiscal -  |z México 
650 |a Derecho Financiero -  |z México 
650 |a Derecho Mercantil -  |z México 
650 |a Derecho Público -  |z México 
650 |a Ciencias Administrativas 
910 |a Fondo General 
920 |a Impresos - Libros 
930 |a Colección General 
905 |a 101 
901 |a 0500122355  |b IT1  |c ACC  |u 20250521 
902 |a https://opac.biblio.iteso.mx/vufind/Record/000182352